01112nac a22002651u 4500010001600000020003600016082001900052090001500071100003400086245005200120250001200172260003900184300003500223440004200258504006400300650002200364650002200386650003000408856009600438856008800534856007400622942002100696999001500717952011400732 a 99038491 a0471316415 (cloth : alk. paper)00a332.645bD4476 c2078d2078 aDeRosa, David F. 10aOptions on foreign exchange /cDavid F. DeRosa. a2nd ed. aNew York :bJohn Wiley,2000c2000. axiii, 222 p. :bill. ;c24 cm. 0aWiley series in financial engineering aIncludes bibliographical references (p. 207-216) and index. 0aOptions (Finance) 0aHedging (Finance) 0aForeign exchange futures.423Contributor biographical informationuhttp://www.loc.gov/catdir/bios/wiley041/99038491.html423Publisher descriptionuhttp://www.loc.gov/catdir/description/wiley033/99038491.html423Table of Contentsuhttp://www.loc.gov/catdir/toc/onix03/99038491.html cBBk332.645D4476 c2078d2078 00104070aMAINbMAINc1STd2011-02-07ePurchasel0o332.645 DERp000002269r2025-07-15 00:00:00v346.30yBB